Court administration in Ghana : (Record no. 4869)
[ view plain ]
| 000 -LEADER | |
|---|---|
| fixed length control field | 00943cam a22001455i 4500 |
| 020 ## - INTERNATIONAL STANDARD BOOK NUMBER | |
| ISBN | 9789988260019 |
| 050 ## - CALL NUMBER | |
| Classification number | KF8719 |
| Item number | Ai6 |
| 100 1# - AUTHOR | |
| Personal name | Ainuson, Kwesi. |
| 245 10 - TITLE | |
| Title | Court administration in Ghana : |
| Remainder of title | civil and criminal proceedings incorporating : fast track & automated court procedures and case management : essential precendents and chamber correspondence for lawyers : directory and location of courts in Ghana / |
| Statement of responsibility, etc | Kwesi Ainuson ; foreword by Justice S. A. Brobbey, retired Justice of the Supreme Court of Ghana. |
| 260 ## - PUBLICATION INFORMATION | |
| Place of publication | Cantonment - Accra |
| Name of publisher | Kwesi Ainuson, |
| Year of publication | 2017 |
| 300 ## - DESCRIPTION | |
| Number of Pages | 600 pages : |
| Other physical details | illustrations ; |
| Dimensions | 22 cm |
| 500 ## - NOTES | |
| General note | INCLUDING REFERENCES AND APPENDICES<br/> |
| 505 ## - FORMATTED CONTENTS NOTE | |
| Table of Content | PT. 1. INCLUDING REFERENCES AND APPENDICES<br/>COMMENCEMENT OF SUIT<br/>PT. 2. AUTOMATED COURT PROCEDURE AND CASE AND MANAGEMENT<br/>PT. 3. ESSENTIAL PRECEDENTS AND COMMUNICATION TOOLS FOR LAW CHAMBERS<br/>PT. 4.DIRECTORY AND LOCATION OF COURT<br/><br/> |
| 942 ## - ADDED ENTRY ELEMENTS (KOHA) | |
| Koha item type | Books |
| Withdrawn status | Lost status | Collection code | Home library | Current library | Shelving location | Date acquired | Source of acquisition | Full call number | Accession Number | Koha item type |
|---|---|---|---|---|---|---|---|---|---|---|
| Reference | Methodist University Law Library | Methodist University Law Library | New Materials Shelf | Kingdom | KF8719 Ai6 | 5081 | Books | |||
| Reference | Methodist University Law Library | Methodist University Law Library | General Stacks | 10/05/2019 | Imperial Impact Ltd | KF8719 Ai6 | 7783 | Books |